Sports Quiz

Random Sports or Letter Quiz

Adidas Abbreviation Quiz Stats

 Plays Quiz not verified by Sporcle

Challenge
Share
Tweet
Embed
Score 0/6 Timer 01:30
0 Plays Today
Letter Word % Correct
AAll
100%
DDay
94.3%
II
94.3%
DDream
88.7%
AAbout
86.8%
SSports
77.4%

You're not logged in!

Compare scores with friends on all Sporcle quizzes.
OR
Log In

You Might Also Like...

Show Comments

Extras

Created Oct 18, 2014ReportNominate
Tags:Letter Quiz, abbreviation, adda, stand

Top Quizzes Today


Score Distribution

Your Account Isn't Verified!

In order to create a playlist on Sporcle, you need to verify the email address you used during registration. Go to your Sporcle Settings to finish the process.

Report this User

Report this user for behavior that violates our Community Guidelines.

Details: